书目信息 |
| 题名: |
气候保护倡议
|
|
| 作者: | ;何雪炀 , 温宗国 , 张坤民 译 ;世界资源研究所 著 | |
| 分册: | ||
| 出版信息: | 北京 中国环境科学出版社 2000 |
|
| 页数: | 292页 | |
| 开本: | 21cm | |
| 丛书名: | 环境科学新著译丛 | |
| 单 册: | ||
| 中图分类: | X16 | |
| 科图分类: | ||
| 主题词: | 环境气象学 , 环境空气动力学 | |
| 电子资源: | ||
| ISBN: | 7-80163-036-X | |
| 000 | 01079oam2 2200313 450 | |
| 001 | 110000002223 | |
| 005 | 20050930102154.70 | |
| 010 | @a7-80163-036-X@dCNY25.00 | |
| 100 | @a20050114d2000 ekmy0chiy0120 ea | |
| 101 | 0 | @achi |
| 102 | @aCN@b110000 | |
| 105 | @aak az 000yy | |
| 200 | 1 | @a气候保护倡议@9qi hou bao hu chang yi@f世界资源研究所著@Fshi jie zi yuan yan jiu suo zhu@g张坤民,何雪炀,温宗国译 |
| 210 | @a北京@c中国环境科学出版社@d2000 | |
| 215 | @a292页@c图@d21cm | |
| 225 | 2 | @a环境科学新著译丛 |
| 320 | @a有书目 | |
| 330 | @a本书收有《气候保护的代价:给困惑者的指南》、《发展中国家有可能做出什么样的承诺》、《对气候变化的贡献:传统的度量方法是否对论战产生了误导》等文章。 | |
| 410 | 0 | @12001 @a环境科学新著译丛 |
| 606 | 0 | @a环境气象学 |
| 606 | 0 | @a环境空气动力学 |
| 690 | @aX16@v4 | |
| 702 | 0 | @a何雪炀@Ahe xue yang@4译 |
| 702 | 0 | @a温宗国@Awen zong guo@4译 |
| 702 | 0 | @a张坤民@Azhang kun min@4译 |
| 711 | 0 | @a世界资源研究所@Ashi jie zi yuan yan jiu suo@4著 |
| 801 | 0 | @aCN@bTSSF@c20050930 |
| 905 | @a10447@dX16@e67 | |
| 999 | @aHSJ@eGLX | |
| 气候保护倡议/世界资源研究所著/张坤民,何雪炀,温宗国译.-北京:中国环境科学出版社,2000 |
| 292页:图;21cm.-(环境科学新著译丛) |
| ISBN 7-80163-036-X:CNY25.00 |
| 本书收有《气候保护的代价:给困惑者的指南》、《发展中国家有可能做出什么样的承诺》、《对气候变化的贡献:传统的度量方法是否对论战产生了误导》等文章。 |
| ● |
| 相关链接 |
|
|
|
|
正题名:气候保护倡议
索取号:X16/67
 
预约/预借
| 序号 | 登录号 | 条形码 | 馆藏地/架位号 | 状态 | 备注 |
| 1 | 0364149 | 3641492 | 第二样本阅览室/ [索取号:X16/67] | 在馆 | |
| 2 | 0364150 | 3641508 | 第三借阅区/ [索取号:X16/67] | 在馆 | |
| 3 | 0364151 | 3641517 | 第三借阅区/ [索取号:X16/67] | 在馆 |